[Event "Hellertal- Niederkassel"]
[Site "?"]
[Date "2023.09.10"]
[Round "1.5"]
[White "Konzen, Horst"]
[Black "Petri, Raphael"]
[Result "1-0"]
[WhiteElo "2024"]
[BlackElo "1825"]
[PlyCount "63"]
[EventDate "2023.??.??"]
[SourceVersionDate "2020.03.16"]

1. d4 Nf6 2. c4 e6 3. Nc3 Bb4 4. e3 b6 5. Bd3 Bb7 6. f3 d5 7. Nge2 O-O 8. O-O a6 9. e4 dxc4 10. Bxc4 h6 11. Be3 Nbd7 12. Qe1 c5 13. Rd1 Qc8 14. Bb3 cxd4 15. Bxd4 e5 16. Be3 Nc5 17. Bc2 Ncd7 18. Kh1 b5 19. Bb1 Ba5 20. Qh4 Bb6 21. Bc1 Nc5 22. Ng3 Qe6 23. Nf5 Nh7 24. Rd6 Qc4 25. Ne3 Bd8 26. Qg3 Qb4 27. a3 Qa5 28. Nf5 g5 29. Rxh6 f6 30. Rxh7 Kxh7 31. Qh3+ Kg8 32. Ba2+ 1-0

[Event "Hellertal- Niederkassel"]
[Site "?"]
[Date "2023.09.10"]
[Round "1.6"]
[White "Mellmann, Matthias"]
[Black "Neu, Martin"]
[Result "0-1"]
[WhiteElo "1788"]
[BlackElo "1730"]
[PlyCount "46"]
[EventDate "2023.??.??"]
[SourceVersionDate "2020.03.16"]

1. c4 c6 2. g3 d5 3. cxd5 cxd5 4. Bg2 e5 5. Qb3 Nf6 6. d3 Nc6 7. Nf3 Bc5 8. O-O O-O 9. Bg5 e4 10. dxe4 dxe4 11. Nfd2 Nd4 12. Qc4 Qc7 13. Bxf6 Be6 14. Qa4 Nc2 15. Be5 Qc8 16. Bxe4 Nxa1 17. Nc3 Rd8 18. Nf3 Bd7 19. Bxh7+ Kxh7 20. Qh4+ Kg8 21. Ng5 Bf5 22. Nce4 Be7 23. Qf4 f6 0-1

[Event "Hellertal- Niederkassel"]
[Site "?"]
[Date "2023.09.10"]
[Round "1.7"]
[White "Pick, Stefan"]
[Black "Hertel, Manfred"]
[Result "1-0"]
[WhiteElo "1924"]
[BlackElo "1782"]
[PlyCount "75"]
[EventDate "2023.??.??"]
[SourceVersionDate "2020.03.16"]

1. d4 d6 2. e4 Nf6 3. Nc3 g6 4. Nf3 Bg7 5. Bc4 c6 6. Qe2 O-O 7. e5 dxe5 8. dxe5 Nd5 9. Bd2 Na6 10. h3 Nc5 11. a3 a5 12. O-O Bf5 13. Rac1 Nb6 14. Ba2 Be6 15. Rfd1 Bxa2 16. Nxa2 Qc7 17. Nc3 Nbd7 18. Bf4 Ne6 19. Bg3 Rfd8 20. Qe4 Ndc5 21. Qh4 Rxd1+ 22. Rxd1 Rd8 23. Rxd8+ Qxd8 24. Bf4 Nxf4 25. Qxf4 Ne6 26. Qe3 b6 27. Qe4 Qd7 28. Qe3 Qd8 29. g3 h6 30. Kg2 Kh7 31. h4 Qc7 32. h5 g5 33. Qe4+ Kg8 34. b4 axb4 35. axb4 b5 36. Ne2 c5 37. c3 cxb4 38. Qxb4 {ZÜ} 1-0

[Event "Hellertal- Niederkassel"]
[Site "?"]
[Date "2023.09.10"]
[Round "1.8"]
[White "Hassler, Rolf"]
[Black "Frehen, Werner"]
[Result "1/2-1/2"]
[WhiteElo "1692"]
[BlackElo "1843"]
[PlyCount "39"]
[EventDate "2023.??.??"]
[SourceVersionDate "2020.03.16"]

1. e4 e5 2. Nf3 d6 3. d4 Nd7 4. Bc4 c6 5. O-O Be7 6. dxe5 dxe5 7. Nc3 Ngf6 8. Bg5 O-O 9. h3 h6 10. Bh4 Qc7 11. Qe1 b5 12. Bd3 Nc5 13. Bg3 Bd6 14. Rd1 a5 15. Nh4 Re8 16. Qe3 Be6 17. Nf5 Bxf5 18. exf5 Nxd3 19. Qxd3 Rad8 20. Qe2 1/2-1/2

[Event "Godesberg 2- Porz 4"]
[Site "?"]
[Date "2023.09.10"]
[Round "1.4"]
[White "Gallinnis, Norbert"]
[Black "Mantau, Jan"]
[Result "1-0"]
[WhiteElo "2150"]
[BlackElo "2173"]
[PlyCount "83"]
[EventDate "2023.??.??"]
[SourceVersionDate "2020.03.16"]

1. b3 e5 2. e4 Nf6 3. Bb2 Nc6 4. d3 Bc5 5. Qd2 d5 6. f3 O-O 7. a3 dxe4 8. dxe4 Qe7 9. Bd3 a5 10. Nc3 Be6 11. g4 Nd4 12. Nce2 Nc6 13. Ng3 Rfd8 14. N1e2 Qd6 15. g5 Ne8 16. f4 Bh3 17. f5 Bg2 18. Rg1 Bf3 19. Rf1 Bxe2 20. Nxe2 Nd4 21. g6 hxg6 22. fxg6 Qxg6 23. O-O-O Nf6 24. Ng3 Rd7 25. Kb1 Nc6 26. Rf5 Rad8 27. Rdf1 Nh7 28. Qc1 f6 29. Bc4+ Kf8 30. Rh5 Ne7 31. Be6 Rd6 32. Bc4 Ke8 33. Ka2 Bd4 34. Qe1 Bxb2 35. Kxb2 Rd2 36. Rf2 Rxf2 37. Qxf2 Nf8 38. Qc5 c6 39. a4 Qg4 40. Rh8 Qd1 41. Nf5 Neg6 42. Rxf8+ 1-0

[Event "Godesberg 2- Porz 4"]
[Site "?"]
[Date "2023.09.10"]
[Round "1.2"]
[White "Luebsen, Keno"]
[Black "Wagenknecht, Uwe"]
[Result "0-1"]
[WhiteElo "2096"]
[BlackElo "2128"]
[PlyCount "126"]
[EventDate "2023.??.??"]
[SourceVersionDate "2020.03.16"]

1. d4 Nf6 2. c4 b6 3. f3 d5 4. cxd5 Nxd5 5. e4 Nf6 6. Bb5+ c6 7. Bc4 e6 8. Bg5 Be7 9. Nc3 O-O 10. e5 Nd5 11. Bxe7 Qxe7 12. Qd2 Nxc3 13. bxc3 Ba6 14. Bxa6 Nxa6 15. Ne2 c5 16. O-O Rfd8 17. Ng3 cxd4 18. cxd4 Qb4 19. Rfd1 Qxd2 20. Rxd2 f5 21. Re1 Rd5 22. Nh5 Rad8 23. Red1 Nc7 24. Nf4 R5d7 25. h4 Kf7 26. Rc1 Nd5 27. Ne2 Rc7 28. Rxc7+ Nxc7 29. Rc2 Nd5 30. a4 Ke7 31. a5 Kd7 32. axb6 axb6 33. Ra2 Rc8 34. Kf2 b5 35. Ke1 Rc4 36. Ra7+ Kc6 37. Kd2 Nc7 38. Kd3 Kb6 39. Ra1 Nd5 40. g3 Ra4 41. Rxa4 bxa4 42. Kc4 Ka5 43. Nf4 Nc7 44. h5 a3 45. Kb3 Kb5 46. g4 fxg4 47. fxg4 a2 48. Kxa2 Kc4 49. d5 exd5 50. e6 Kd4 51. e7 Ke5 52. Ne2 Kf6 53. Nd4 Kxe7 54. Kb3 Kf6 55. Nf3 Ne6 56. Kc3 Ng5 57. Nd4 Ke5 58. Nf5 Ne6 59. Kd3 Kf4 60. h6 gxh6 61. Ne3 d4 62. Nf5 h5 63. Nxd4 Nxd4 0-1

[Event "Godesberg 2- Porz 4"]
[Site "?"]
[Date "2023.09.10"]
[Round "1.3"]
[White "Slowik, Martin"]
[Black "Iannello, Andrea"]
[Result "1/2-1/2"]
[WhiteElo "1971"]
[BlackElo "2078"]
[PlyCount "42"]
[EventDate "2023.??.??"]
[SourceVersionDate "2020.03.16"]

1. d4 f5 2. e4 fxe4 3. Nc3 Nf6 4. Bg5 g6 5. f3 d5 6. fxe4 Nxe4 7. Nxe4 dxe4 8. Bc4 Qd6 9. Qd2 Bg7 10. O-O-O Be6 11. Bf4 Qb6 12. Bxc7 Qxc7 13. Bxe6 Qb6 14. Bb3 Nc6 15. Ne2 O-O-O 16. Qf4 Nxd4 17. Nxd4 Bxd4 18. Qxe4 Kb8 19. Rd3 Bf6 20. Rhd1 Rxd3 21. Qxd3 e5 1/2-1/2

[Event "Godesberg 2- Porz 4"]
[Site "?"]
[Date "2023.09.10"]
[Round "1.4"]
[White "Kummer, Wolfram"]
[Black "Thiemonds, Uli"]
[Result "1/2-1/2"]
[WhiteElo "2056"]
[BlackElo "2064"]
[PlyCount "39"]
[EventDate "2023.??.??"]
[SourceVersionDate "2020.03.16"]

1. e4 e6 2. d4 d5 3. Nc3 Bb4 4. Nge2 dxe4 5. a3 Be7 6. Nxe4 Nd7 7. N2g3 Ngf6 8. Bd3 O-O 9. O-O b6 10. b3 Bb7 11. Bb2 Nxe4 12. Nxe4 Nf6 13. Qe2 Nxe4 14. Bxe4 Bxe4 15. Qxe4 Qd5 16. Qe2 Bf6 17. c4 Qf5 18. Rad1 Rad8 19. Rd3 Rd6 20. Rf3 1/2-1/2

[Event "Godesberg 2- Porz 4"]
[Site "?"]
[Date "2023.09.10"]
[Round "1.5"]
[White "Hackbusch, Thomas"]
[Black "Mueller- Boge, Michael"]
[Result "1/2-1/2"]
[WhiteElo "1685"]
[BlackElo "2011"]
[PlyCount "36"]
[EventDate "2023.??.??"]
[SourceVersionDate "2020.03.16"]

1. d4 Nf6 2. c4 g6 3. Nc3 d5 4. Nf3 Bg7 5. Bg5 Ne4 6. Bh4 Nxc3 7. bxc3 c5 8. e3 Nc6 9. cxd5 Qxd5 10. Be2 cxd4 11. exd4 Qa5 12. Qd2 O-O 13. O-O Bf5 14. Rac1 Rad8 15. Rfd1 h6 16. Qb2 Rd7 17. h3 g5 18. Bg3 a6 1/2-1/2

[Event "Godesberg 2- Porz 4"]
[Site "?"]
[Date "2023.09.10"]
[Round "1.6"]
[White "Koegler, Christof"]
[Black "Holzwarth, Felix"]
[Result "1-0"]
[WhiteElo "1991"]
[BlackElo "1662"]
[PlyCount "121"]
[EventDate "2023.??.??"]
[SourceVersionDate "2020.03.16"]

1. d4 d5 2. Nf3 Nf6 3. e3 c5 4. b3 g6 5. Be2 Bg7 6. O-O O-O 7. Bb2 b6 8. Nbd2 Nbd7 9. dxc5 Nxc5 10. c4 Bb7 11. Rc1 Rc8 12. Qc2 dxc4 13. Bxc4 e6 14. Qb1 Nce4 15. Rfd1 Nxd2 16. Rxd2 Qe7 17. Rcd1 Bxf3 18. gxf3 Rfd8 19. f4 Rxd2 20. Rxd2 Qb4 21. Qd1 Ne4 22. Rd8+ Rxd8 23. Qxd8+ Bf8 24. Qd1 Bg7 25. Bxg7 Kxg7 26. Qd4+ Nf6 27. Qe5 Qd2 28. Qa1 Kg8 29. a4 Ne4 30. Qf1 Nc5 31. Qb1 Qc3 32. Qd1 Nxa4 33. Bxe6 fxe6 34. Qd8+ Kf7 35. Qd7+ Kf6 36. bxa4 Qb3 37. h3 Qb1+ 38. Kg2 Qe4+ 39. Kg1 Qb1+ 40. Kg2 Qe4+ 41. Kg3 Qb1 42. Qe8 Qg1+ 43. Kf3 Qd1+ 44. Kg2 Qd5+ 45. Kg3 Qb7 46. e4 Qf7 47. Qh8+ Ke7 48. e5 Qe8 49. Qxh7+ Qf7 50. Qh8 Qf8 51. Qh4+ Ke8 52. Qg4 Qf5 53. Qe2 g5 54. Qh5+ Kf8 55. Qxg5 Qxg5+ 56. fxg5 Kg7 57. Kf4 Kg6 58. h4 Kh5 59. Ke4 Kg6 60. a5 b5 61. a6 1-0

[Event "Godesberg 2- Porz 4"]
[Site "?"]
[Date "2023.09.10"]
[Round "1.8"]
[White "Foitzik, Peter"]
[Black "Fischermann, Simon"]
[Result "1/2-1/2"]
[WhiteElo "1656"]
[BlackElo "1634"]
[PlyCount "105"]
[EventDate "2023.??.??"]
[SourceVersionDate "2020.03.16"]

1. e4 e5 2. Nc3 Nc6 3. Bc4 Bc5 4. d3 d6 5. Na4 Bb6 6. c3 Nf6 7. Nxb6 axb6 8. Bg5 h6 9. Bh4 Be6 10. Bxe6 fxe6 11. f3 O-O 12. Ne2 Qe8 13. d4 exd4 14. cxd4 e5 15. Qb3+ Kh8 16. Bxf6 Rxf6 17. d5 Na5 18. Qd3 Qa4 19. O-O c5 20. b3 Qa3 21. Qb5 Ra6 22. Qe8+ Kh7 23. Ng3 Qb2 24. Nf5 Rxf5 25. exf5 Nxb3 26. Qg6+ Kh8 27. Rad1 Rxa2 28. Qe8+ Kh7 29. Qg6+ Kh8 30. f6 gxf6 31. Qxh6+ Kg8 32. Qg6+ Kh8 33. Qxf6+ Kh7 34. Qh4+ Kg8 35. Rf2 Qxf2+ 36. Qxf2 Rxf2 37. Kxf2 b5 38. Ke3 c4 39. g4 b4 40. Rb1 Nd4 41. f4 b5 42. fxe5 dxe5 43. g5 b3 44. d6 Nf5+ 45. Ke4 Nxd6+ 46. Kxe5 Nf7+ 47. Kd5 Nxg5 48. Kc5 Ne4+ 49. Kxb5 c3 50. Rg1+ Kh7 51. Kb4 b2 52. Kb3 b1=Q+ 53. Rxb1 1/2-1/2

[Event "Halver- Schalksmühle- Hellertal"]
[Site "?"]
[Date "2023.10.22"]
[Round "2.1"]
[White "Rahimi, Rahim"]
[Black "Browning, Alex"]
[Result "1/2-1/2"]
[WhiteElo "2045"]
[BlackElo "2347"]
[PlyCount "78"]
[EventDate "2023.??.??"]
[SourceVersionDate "2020.03.16"]

1. g3 g6 2. Bg2 Bg7 3. c4 Nf6 4. Nc3 O-O 5. Nf3 d6 6. O-O Nc6 7. Rb1 a5 8. a3 e5 9. d3 Re8 10. e4 Bd7 11. b4 axb4 12. axb4 Qc8 13. b5 Ne7 14. Bg5 h6 15. Bxf6 Bxf6 16. Qd2 Bg7 17. Nd5 Qd8 18. Qc3 Bg4 19. Ra1 Rxa1 20. Rxa1 c6 21. Ne3 Be6 22. Ra7 d5 23. cxd5 cxd5 24. Qc5 Qb8 25. exd5 Nxd5 26. Nxd5 Bxd5 27. Nd2 Bxg2 28. Kxg2 Qd8 29. Rxb7 Qxd3 30. Qc4 Qf5 31. g4 Qf6 32. Ne4 Qf4 33. Nd6 Qxc4 34. Nxc4 e4 35. Nd6 Re6 36. Nxf7 e3 37. fxe3 Rxe3 38. Nd6 Re2+ 39. Kf3 Rxh2 1/2-1/2

[Event "Halver- Schalksmühle- Hellertal"]
[Site "?"]
[Date "2023.10.22"]
[Round "2.2"]
[White "Jansen, Dirk"]
[Black "Mueller, Sven"]
[Result "1/2-1/2"]
[WhiteElo "2056"]
[BlackElo "2136"]
[PlyCount "117"]
[EventDate "2023.??.??"]
[SourceVersionDate "2020.03.16"]

1. d4 Nf6 2. Nf3 g6 3. Bf4 Bg7 4. e3 O-O 5. Be2 d6 6. h3 c5 7. O-O Qb6 8. Nc3 Bd7 9. Rb1 Na6 10. Re1 Rac8 11. d5 h6 12. e4 Rfd8 13. Nd2 Ne8 14. Nc4 Qc7 15. Qd2 b5 16. Na3 b4 17. Bxa6 bxc3 18. bxc3 Rb8 19. Bd3 g5 20. Be3 Qa5 21. Nc4 Qxc3 22. Rb3 Rxb3 23. axb3 Qxd2 24. Bxd2 Nc7 25. f4 Bd4+ 26. Kh1 gxf4 27. Bxf4 Kg7 28. Bd2 Bf6 29. Re3 Rh8 30. Rg3+ Kf8 31. Rf3 Bg7 32. Bf4 Nb5 33. e5 dxe5 34. Bxe5 Nd4 35. Rf1 f6 36. Bxd4 cxd4 37. Ra1 Kf7 38. Rxa7 Rd8 39. Nb6 Be8 40. Bf5 Kf8 41. Nc8 Rxd5 42. Rxe7 Rc5 43. Re1 Bc6 44. Ne7 Be8 45. Bd3 Re5 46. Rxe5 fxe5 47. Nf5 Bc6 48. Kg1 Kf7 49. g4 Bf8 50. Kf2 Kf6 51. h4 e4 52. Bc4 Ke5 53. h5 Bd7 54. Nh4 Bc5 55. Kg3 Bd6 56. Be2 Kf6+ 57. Kh3 Kg5 58. Ng2 Be6 59. Nh4 1/2-1/2

[Event "Halver- Schalksmühle- Hellertal"]
[Site "?"]
[Date "2023.10.22"]
[Round "2.3"]
[White "Petri, Wolfgang"]
[Black "Lutze, Max"]
[Result "1-0"]
[WhiteElo "1953"]
[BlackElo "2059"]
[PlyCount "105"]
[EventDate "2023.??.??"]
[SourceVersionDate "2020.03.16"]

1. e4 c5 2. Nf3 Nc6 3. d4 cxd4 4. Nxd4 g6 5. Nc3 Bg7 6. Be3 Nf6 7. f3 O-O 8. Qd2 d5 9. O-O-O dxe4 10. Nxc6 Qxd2+ 11. Rxd2 bxc6 12. Nxe4 Nd5 13. Bg5 f6 14. c4 fxg5 15. cxd5 cxd5 16. Rxd5 g4 17. Rc5 gxf3 18. Bc4+ Kh8 19. gxf3 Bd4 20. Rc7 Rb8 21. b3 Rxf3 22. Rd1 Be3+ 23. Kb2 Bf5 24. Rxe7 Bh6 25. Nd6 Rf2+ 26. Re2 Rxe2+ 27. Bxe2 Be6 28. Bc4 Bxc4 29. Nxc4 Rb7 30. a4 Kg7 31. Kc3 Kf6 32. b4 Kg5 33. b5 Bf8 34. Na5 Rc7+ 35. Nc6 Kg4 36. Rd3 h5 37. Rg3+ Kh4 38. Rxg6 Kh3 39. Kd4 Kxh2 40. a5 Rb7 41. b6 axb6 42. a6 Bc5+ 43. Ke4 Rh7 44. a7 Rxa7 45. Nxa7 h4 46. Nc6 h3 47. Ne5 Kh1 48. Nf3 b5 49. Rg5 Bf2 50. Rxb5 h2 51. Rb2 Bg3 52. Kf5 Bf2 53. Nxh2 1-0

[Event "Halver- Schalksmühle- Hellertal"]
[Site "?"]
[Date "2023.10.22"]
[Round "2.4"]
[White "Runtemund, Rene"]
[Black "Reiffenrath, Christian"]
[Result "1/2-1/2"]
[WhiteElo "2017"]
[BlackElo "1825"]
[PlyCount "25"]
[EventDate "2023.??.??"]
[SourceVersionDate "2020.03.16"]

1. e4 c6 2. Nc3 d5 3. Qf3 d4 4. Bc4 Nf6 5. e5 dxc3 6. exf6 exf6 7. bxc3 Nd7 8. d4 Bd6 9. Ne2 O-O 10. O-O Re8 11. Bf4 Nf8 12. Bxd6 Qxd6 13. Ng3 1/2-1/2

[Event "Halver- Schalksmühle- Hellertal"]
[Site "?"]
[Date "2023.10.22"]
[Round "2.5"]
[White "Herfel, Manfred"]
[Black "Luettich, Bodo"]
[Result "0-1"]
[WhiteElo "1782"]
[BlackElo "2051"]
[PlyCount "108"]
[EventDate "2023.??.??"]
[SourceVersionDate "2020.03.16"]

1. d4 d5 2. c4 c6 3. cxd5 Qxd5 4. Nc3 Qa5 5. Nf3 Bg4 6. e3 e6 7. Be2 Nd7 8. O-O Ngf6 9. Bd2 Qb6 10. Na4 Qc7 11. Rc1 Be7 12. h3 Bh5 13. b4 a6 14. Nc5 O-O 15. Nd3 Bd6 16. Qb3 Ne4 17. Be1 Rae8 18. Nb2 Nb6 19. Nc4 Nxc4 20. Qxc4 f5 21. Nd2 Bxe2 22. Qxe2 Bxb4 23. Nxe4 Bxe1 24. Ng5 Qe7 25. Nf3 Bb4 26. Qc4 Bd6 27. Rb1 Kh8 28. Rb3 Rc8 29. Rb6 Bc7 30. Rb3 b5 31. Qe2 e5 32. dxe5 Bxe5 33. Rd1 Bf6 34. Qc2 g6 35. Rbd3 Rc7 36. Rd6 Rfc8 37. Qc5 Qf8 38. Qb6 Be7 39. Qd4+ Qg7 40. Qxg7+ Kxg7 41. R6d3 c5 42. Kf1 c4 43. Rc3 b4 44. Rc2 Bf6 45. Ke2 a5 46. Nd4 Bxd4 47. Rxd4 b3 48. axb3 cxb3 49. Rb2 Rc2+ 50. Rd2 Rxd2+ 51. Kxd2 a4 52. f4 Kf6 53. g4 Ke6 54. Kd3 Kd5 0-1

[Event "Halver- Schalksmühle- Hellertal"]
[Site "?"]
[Date "2023.10.22"]
[Round "2.6"]
[White "Browning, Rebecca"]
[Black "Hassler, Rolf"]
[Result "0-1"]
[WhiteElo "1906"]
[BlackElo "1692"]
[PlyCount "78"]
[EventDate "2023.??.??"]
[SourceVersionDate "2020.03.16"]

1. e4 e6 2. Nf3 d5 3. e5 Be7 4. a3 Nh6 5. d4 Nf5 6. Bd3 c5 7. c3 Nc6 8. dxc5 Bxc5 9. O-O Be7 10. b4 O-O 11. Re1 b6 12. Qc2 h5 13. h3 h4 14. Qd2 a5 15. b5 Nb8 16. Rd1 Bb7 17. Nd4 Nh6 18. Qe2 Bg5 19. Qh5 Bxc1 20. Rxc1 Nd7 21. Re1 Nc5 22. Bc2 Ne4 23. Nf3 Rc8 24. Bxe4 dxe4 25. Nxh4 Rc5 26. a4 Qf6 27. exf6 Rxh5 28. fxg7 Kxg7 29. g3 f5 30. Ng2 e5 31. h4 f4 32. Nd2 e3 33. Nf1 exf2+ 34. Kxf2 Ng4+ 35. Kg1 f3 36. Nfe3 f2+ 37. Kh1 fxe1=Q+ 38. Rxe1 Nxe3 39. Rxe3 Rf3 0-1

[Event "Halver- Schalksmühle- Hellertal"]
[Site "?"]
[Date "2023.10.22"]
[Round "2.7"]
[White "Siebel, Holger"]
[Black "Schmidt, Volker"]
[Result "1/2-1/2"]
[WhiteElo "1831"]
[BlackElo "1990"]
[PlyCount "59"]
[EventDate "2023.??.??"]
[SourceVersionDate "2020.03.16"]

1. c4 Nf6 2. Nc3 c5 3. g3 d5 4. cxd5 Nxd5 5. Bg2 Nc7 6. Nf3 Nc6 7. O-O e5 8. d3 Be7 9. Qb3 Qd7 10. Bd2 Rb8 11. a4 O-O 12. Nb5 Qd8 13. Nxc7 Qxc7 14. Rac1 Be6 15. Qc2 Qd7 16. Bc3 f6 17. Rfd1 Rbc8 18. e3 Rfd8 19. Rd2 Qe8 20. Qd1 Qf7 21. a5 Bf8 22. h3 Qc7 23. d4 cxd4 24. exd4 Nxd4 25. Nxd4 exd4 26. Rxd4 Bc5 27. Rxd8+ Rxd8 28. Qe1 Qf7 29. Rd1 Rxd1 30. Qxd1 1/2-1/2

[Event "Halver- Schalksmühle- Hellertal"]
[Site "?"]
[Date "2023.10.22"]
[Round "2.8"]
[White "Koelz, Niklas"]
[Black "Kessler, Rene"]
[Result "1-0"]
[WhiteElo "1828"]
[BlackElo "1481"]
[PlyCount "117"]
[EventDate "2023.??.??"]
[SourceVersionDate "2020.03.16"]

1. c4 Nf6 2. g3 g6 3. Bg2 Bg7 4. Nc3 O-O 5. e4 d6 6. Nge2 c5 7. d3 Nc6 8. O-O Nd4 9. h3 Rb8 10. Be3 Ne8 11. Rb1 b5 12. Bxd4 cxd4 13. Nxb5 Qa5 14. a4 e5 15. b4 Qb6 16. Na3 f5 17. exf5 gxf5 18. a5 Qd8 19. Qd2 f4 20. Bd5+ Kh8 21. Kg2 Qg5 22. f3 Qh6 23. g4 Nf6 24. Be4 Nxe4 25. dxe4 Rg8 26. Ng1 Bf6 27. Kf2 Qh4+ 28. Ke2 Be6 29. Kd3 Rgc8 30. Rfc1 Bf7 31. Nb5 d5 32. Nd6 dxc4+ 33. Nxc4 Bxc4+ 34. Rxc4 Rxc4 35. Kxc4 Rc8+ 36. Kb3 Rc3+ 37. Ka4 Be7 38. Rb3 Rxb3 39. Kxb3 Qf6 40. Ne2 Qe6+ 41. Ka4 Qc6+ 42. Ka3 Qb5 43. Kb3 a6 44. Nxf4 exf4 45. Qxd4+ Kg8 46. Qc4+ Qxc4+ 47. Kxc4 Kf7 48. b5 axb5+ 49. Kxb5 Bh4 50. a6 Bf2 51. Kc6 Ke6 52. Kb7 Ke5 53. g5 Bc5 54. h4 Kd4 55. a7 Bxa7 56. Kxa7 Ke3 57. e5 Kxf3 58. e6 Kg2 59. e7 1-0

[Event "Porz 4- Bonn"]
[Site "?"]
[Date "2023.10.22"]
[Round "2.1"]
[White "Sharma, Vibhor"]
[Black "Gallinnis, Norbert"]
[Result "1-0"]
[WhiteElo "1869"]
[BlackElo "2150"]
[PlyCount "63"]
[EventDate "2023.??.??"]
[SourceVersionDate "2020.03.16"]

1. e4 b6 2. Nc3 g6 3. g3 Bb7 4. Bg2 h5 5. Nf3 Bg7 6. d3 c5 7. h3 Nc6 8. O-O e6 9. Nb5 d6 10. Bf4 e5 11. Bg5 Qd7 12. Nc3 f6 13. Be3 Nce7 14. a4 Nh6 15. Nh2 Nf7 16. f4 d5 17. exd5 Nxd5 18. Nxd5 Bxd5 19. Qe2 Bxg2 20. Qxg2 Rd8 21. Nf3 Bh6 22. Nh4 Rg8 23. Rae1 Qxa4 24. fxe5 Bxe3+ 25. Rxe3 f5 26. e6 Nd6 27. Rf4 c4 28. e7 Rc8 29. Qd5 Kd7 30. Rd4 Qc6 31. Qf7 Rce8 32. Re6 1-0

[Event "Porz 4- Bonn"]
[Site "?"]
[Date "2023.10.22"]
[Round "2.2"]
[White "Trunz, Michelle"]
[Black "Mueller, Adrian"]
[Result "1/2-1/2"]
[WhiteElo "2013"]
[BlackElo "2010"]
[PlyCount "91"]
[EventDate "2023.??.??"]
[SourceVersionDate "2020.03.16"]

1. d4 Nf6 2. c4 e6 3. Nc3 Bb4 4. e3 O-O 5. Nge2 Re8 6. a3 Bf8 7. g3 d5 8. Bg2 dxc4 9. Qa4 c6 10. Qxc4 e5 11. O-O e4 12. f3 Be6 13. Qa4 exf3 14. Bxf3 Bh3 15. Re1 Bf5 16. Nf4 Ne4 17. d5 cxd5 18. Nfxd5 Ng5 19. Bg2 Ne6 20. b4 Nc6 21. Bb2 Ne5 22. e4 Bg4 23. Rf1 a6 24. Kh1 Nd4 25. Ne3 b5 26. Qa5 Qb8 27. Ncd5 Nb3 28. Qc7 Bd6 29. Qxb8 Raxb8 30. Nxg4 Nxg4 31. Rad1 a5 32. Bh3 Be5 33. Bc1 Nf6 34. Bg2 Nxc1 35. Rxc1 Nxd5 36. exd5 Bb2 37. Rce1 axb4 38. axb4 Bc3 39. Rb1 Rbd8 40. Rfc1 Bd4 41. Rd1 Be5 42. Bf1 Bd6 43. Rd4 Be5 44. Rd2 Bd6 45. Bxb5 Re4 46. Rc2 1/2-1/2

[Event "Porz 4- Bonn"]
[Site "?"]
[Date "2023.10.22"]
[Round "2.4"]
[White "Evers, Leo"]
[Black "Limp, Roland"]
[Result "0-1"]
[WhiteElo "2074"]
[BlackElo "1972"]
[PlyCount "102"]
[EventDate "2023.??.??"]
[SourceVersionDate "2020.03.16"]

1. d4 Nf6 2. c4 g6 3. Nc3 Bg7 4. e4 d6 5. f3 O-O 6. Be3 e5 7. Nge2 Nc6 8. d5 Ne7 9. Qd2 Ne8 10. g4 f5 11. gxf5 gxf5 12. O-O-O Kh8 13. h4 f4 14. Bf2 Nf6 15. Ng1 Nh5 16. Nh3 Ng6 17. Ng5 Ng3 18. Bxg3 fxg3 19. Ne2 Bf6 20. Rg1 Nxh4 21. Rxg3 Bxg5 22. Qxg5 Qxg5+ 23. Rxg5 Nxf3 24. Rg3 Bd7 25. Bh3 Bxh3 26. Rxh3 Rf7 27. Rf1 Raf8 28. b3 Ng5 29. Rxf7 Rxf7 30. Rh4 Rf2 31. Kd1 Rg2 32. Nc3 a6 33. Rh1 Kg7 34. Rf1 h5 35. Rh1 Kg6 36. Kc1 Nf3 37. Rh3 Nd4 38. Nd1 Rxa2 39. Rg3+ Kf6 40. Rh3 Kg5 41. Rg3+ Kf4 42. Rg7 Nxb3+ 43. Kb1 Ra1+ 44. Kb2 Rxd1 45. Kxb3 Kxe4 46. Rxc7 b5 47. cxb5 axb5 48. Kb4 Kxd5 49. Kxb5 Rb1+ 50. Ka4 h4 51. Rh7 Rh1 0-1

[Event "Porz 4- Bonn"]
[Site "?"]
[Date "2023.10.22"]
[Round "2.5"]
[White "Wahl, Felix"]
[Black "Slowik, Martin"]
[Result "1-0"]
[WhiteElo "2076"]
[BlackElo "1971"]
[PlyCount "53"]
[EventDate "2023.??.??"]
[SourceVersionDate "2020.03.16"]

1. e4 d6 2. d4 Nf6 3. Nc3 e5 4. Nf3 Nbd7 5. g3 Be7 6. Bg2 c6 7. a4 O-O 8. O-O Re8 9. b3 Bf8 10. Ba3 Qc7 11. Qd2 Rb8 12. Rfe1 b5 13. axb5 cxb5 14. Bb4 a6 15. Nh4 g6 16. f4 Qb6 17. Nf3 Bb7 18. Kh1 Rbc8 19. fxe5 dxe5 20. Bxf8 Rxf8 21. Nd5 Nxd5 22. exd5 exd4 23. Nxd4 Nf6 24. Nc6 Nxd5 25. Na5 Rfd8 26. Nxb7 Qxb7 27. Rad1 1-0

[Event "Bonn Beuel- Ennepe"]
[Site "?"]
[Date "2023.10.22"]
[Round "2.1"]
[White "Arndt, Stefan"]
[Black "Haag, Martin"]
[Result "1/2-1/2"]
[WhiteElo "2129"]
[BlackElo "2226"]
[PlyCount "93"]
[EventDate "2023.??.??"]
[SourceVersionDate "2020.03.16"]

1. d4 d5 2. Nf3 c5 3. c4 e6 4. cxd5 exd5 5. e3 Nf6 6. Bb5+ Nbd7 7. dxc5 a6 8. Bxd7+ Bxd7 9. Nc3 Qa5 10. O-O Qxc5 11. Qd4 Rc8 12. Rd1 Qxd4 13. Nxd4 Bb4 14. Nde2 Be6 15. Bd2 Bd6 16. Be1 Be5 17. f3 O-O 18. Bg3 Bxc3 19. Nxc3 Rc4 20. Be5 Nd7 21. Bd6 Re8 22. Kf2 Rc6 23. Bg3 Nb6 24. Ne2 Rc2 25. b3 f6 26. Kf1 Bf7 27. Bf2 Rc6 28. Rd2 g6 29. Rad1 Kg7 30. Nd4 Rcc8 31. Nc2 Re6 32. Nb4 Rd6 33. e4 a5 34. Nc2 Rdc6 35. Bxb6 dxe4 36. Bxa5 Rxc2 37. fxe4 Be6 38. h3 Kf7 39. Kf2 Bd7 40. Rxc2 Rxc2+ 41. Rd2 Rxd2+ 42. Bxd2 Bc6 43. Ke3 f5 44. exf5 Bxg2 45. fxg6+ hxg6 46. b4 Ke6 47. Kd4 1/2-1/2

[Event "Bonn Beuel- Ennepe"]
[Site "?"]
[Date "2023.10.22"]
[Round "2.2"]
[White "Hoppe, Thilo"]
[Black "Tripolsky, Eugen"]
[Result "1/2-1/2"]
[WhiteElo "2100"]
[BlackElo "2284"]
[PlyCount "22"]
[EventDate "2023.??.??"]
[SourceVersionDate "2020.03.16"]

1. d4 d5 2. Bf4 Nf6 3. e3 e6 4. c3 c5 5. Nd2 Nc6 6. Ngf3 Nh5 7. Be5 f6 8. Bg3 Nxg3 9. hxg3 cxd4 10. cxd4 g6 11. Bd3 f5 1/2-1/2

[Event "Bonn Beuel- Ennepe"]
[Site "?"]
[Date "2023.10.22"]
[Round "2.3"]
[White "Heller, Achim"]
[Black "Lorenz, Roger"]
[Result "1/2-1/2"]
[WhiteElo "2041"]
[BlackElo "2155"]
[PlyCount "68"]
[EventDate "2023.??.??"]
[SourceVersionDate "2020.03.16"]

1. d4 Nf6 2. c4 e6 3. Nc3 Bb4 4. Qc2 b6 5. Bg5 h6 6. Bh4 Bb7 7. f3 c5 8. e3 O-O 9. Bd3 Nc6 10. Nge2 cxd4 11. exd4 Rc8 12. a3 Bxc3+ 13. Qxc3 d5 14. cxd5 Nxd5 15. Bxd8 Nxc3 16. bxc3 Rfxd8 17. Kf2 e5 18. Rhd1 exd4 19. cxd4 Na5 20. Rac1 Kf8 21. Rxc8 Rxc8 22. Rc1 Rxc1 23. Nxc1 Bd5 24. Ne2 Bc4 25. Ke3 Ke7 26. Nc3 Kd6 27. Nb5+ Bxb5 28. Bxb5 Nc6 29. Bc4 Nd8 30. g3 Ne6 31. Ke4 Ng5+ 32. Ke3 Ne6 33. Ke4 Ng5+ 34. Ke3 Ne6 1/2-1/2

[Event "Bonn Beuel- Ennepe"]
[Site "?"]
[Date "2023.10.22"]
[Round "2.4"]
[White "Gikas, Andreas"]
[Black "Arakelian, Aik"]
[Result "0-1"]
[WhiteElo "2123"]
[BlackElo "2024"]
[PlyCount "50"]
[EventDate "2023.??.??"]
[SourceVersionDate "2020.03.16"]

1. e4 c5 2. Nf3 d6 3. d4 cxd4 4. Nxd4 Nf6 5. Nc3 a6 6. Bg5 Nbd7 7. Qf3 e6 8. O-O-O Be7 9. Be2 Qc7 10. Qg3 b5 11. Bxb5 axb5 12. Ndxb5 Qb7 13. Nxd6+ Bxd6 14. Qxd6 Ra6 15. Qd4 e5 16. Qe3 O-O 17. f3 Nb6 18. b3 Be6 19. Bxf6 gxf6 20. Rd3 Qe7 21. Rhd1 Qa3+ 22. Kb1 Na4 23. Nxa4 Rxa4 24. bxa4 Bxa2+ 25. Ka1 Bb3+ 0-1